000
00302nam a2200109Ia 4500
008
200302s9999 xx 000 0 und d
100
_a
Crowfoot & Other
245
_a
Environmental Disputes Community Involvement in Conflict Resolution
260
_b
Island Press Inc.
260
_c
1990
300
_a
278 P.,
999
_c
5576
_d
5576